000 00913nam a22002297a 4500
005 20250407144602.0
008 250407b |||||||| |||| 00| 0 eng d
020 _a978-93-82821-69-4 (hbk)
037 _cTB
040 _aCRL
_cCRL
041 _2hin
_ahin
084 _aO152,3M80:g R2
100 _aपार्थेशवर, आशुतोष
245 _aप्रेयमचंद का सोज़े वतन
260 _aदिल्ली , भारत:
_bनयी किताब,
_c2022.
300 _a423पृ0
365 _b750.00
_cINR
650 _aप्रेमचंद
650 _aहिन्दी साहित्य
942 _2CC
_cTB
_hO152,3M80:g R2
_n0
999 _c1308492
_d1308492